[Event "San Cristobal Bolivar op 1st"]
[Site "San Cristobal"]
[Date "2012.09.28"]
[Round "6"]
[White "Boada, Winston"]
[Black "Borges Matos, Juan R"]
[Result "1/2-1/2"]
[WhiteElo "2242"]
[BlackElo "2453"]
[PlyCount "40"]
[EventDate "2012.09.25"]
[EventType "swiss"]
[EventRounds "10"]
[EventCountry "VEN"]
[SourceTitle "EXT 2013"]
[Source "ChessBase"]
[SourceDate "2012.11.22"]
[SourceVersion "1"]
[SourceVersionDate "2012.11.22"]
[SourceQuality "1"]

1. d4 f5 2. c4 Nf6 3. g3 g6 4. Bg2 Bg7 5. Nh3 d6 6. d5 Nbd7 7. Qc2 a5 8. Nf4 Ne5 9. Nd3 0-0 10. 0-0 Rb8 11. Nxe5 dxe5 12. Qc3 b5 13. cxb5 Rxb5 14. Na3 Rb4 15. Nc2 Rb5 16. Na3 Rb4 17. Nc2 Rb3 18. Na3 Rb4 19. Nc2 Rb3 20. Na3 Rb4 1/2-1/2

[Event "San Cristobal Bolivar op 1st"]
[Site "San Cristobal"]
[Date "2012.09.26"]
[Round "3"]
[White "Boada, Winston"]
[Black "Winter Roach, Alex"]
[Result "1-0"]
[WhiteElo "2242"]
[BlackElo "2034"]
[PlyCount "105"]
[EventDate "2012.09.25"]
[EventType "swiss"]
[EventRounds "10"]
[EventCountry "VEN"]
[SourceTitle "EXT 2013"]
[Source "ChessBase"]
[SourceDate "2012.11.22"]
[SourceVersion "1"]
[SourceVersionDate "2012.11.22"]
[SourceQuality "1"]

1. e4 e5 2. Nf3 Nc6 3. Nc3 Nf6 4. g3 d6 5. Bg2 Be7 6. h3 h6 7. d4 0-0 8. 0-0 Re8 9. Re1 Bd7 10. b3 a6 11. Bb2 Bf8 12. Qd2 exd4 13. Nxd4 Nxd4 14. Qxd4 Bc6 15. Rad1 Qe7 16. f4 Rad8 17. Qf2 Nh7 18. g4 Qf6 19. Rb1 Qe6 20. Rbd1 Be7 21. Nd5 Bxd5 22. exd5 Qd7 23. Be4 g6 24. f5 Bf6 25. fxg6 Bxb2 26. gxh7+ Kg7 27. c4 Be5 28. Bf5 Qe7 29. Kg2 Qg5 30. Re4 Bf6 31. Rf4 Qh4 32. Qf3 Be5 33. Re4 Kh8 34. Rde1 f6 35. R1e3 Qg5 36. Qf2 Rf8 37. h4 Qg7 38. Kh3 a5 39. Qd2 b6 40. Re2 Ra8 41. a4 Rab8 42. Rg2 Ra8 43. Qe3 Rab8 44. Rg1 Ra8 45. Kg2 Rab8 46. Kf3 Rfe8 47. Ke2 Re7 48. g5 fxg5 49. hxg5 Bd4 50. Rxe7 Bxe3 51. Rxg7 Bxg1 52. gxh6 Bd4 53. Re7 1-0

[Event "Barquisimeto op"]
[Site "Barquisimeto"]
[Date "2012.05.24"]
[Round "2"]
[White "Balza Rodriguez, Oswaldo de Jesus"]
[Black "Boada, Winston"]
[Result "1/2-1/2"]
[WhiteElo "2092"]
[BlackElo "2235"]
[PlyCount "99"]
[EventDate "2012.05.23"]
[EventType "swiss"]
[EventRounds "7"]
[EventCountry "VEN"]
[SourceTitle "CBM 148 Extra"]
[Source "ChessBase"]
[SourceDate "2012.06.22"]
[SourceVersion "1"]
[SourceVersionDate "2012.06.22"]
[SourceQuality "1"]

1. d4 g6 2. e4 Bg7 3. Nc3 d6 4. Be3 a6 5. h4 h5 6. a4 Nf6 7. f3 Nc6 8. Qd2 e5 9. d5 Ne7 10. a5 Neg8 11. Nh3 Bxh3 12. Rxh3 Bh6 13. Be2 Bxe3 14. Qxe3 Qb8 15. b4 Qa7 16. Qxa7 Rxa7 17. Na4 Nd7 18. c4 Ne7 19. g4 c6 20. Rd1 cxd5 21. exd5 Ra8 22. c5 dxc5 23. bxc5 Rc8 24. f4 hxg4 25. Bxg4 f5 26. Be2 exf4 27. c6 bxc6 28. Bxa6 Rb8 29. dxc6 Nxc6 30. Rd6 Nce5 31. Bf1 Ke7 32. Rd1 f3 33. a6 Rb4 34. Nc3 Rb2 35. Rd2 Rxd2 36. Kxd2 Nc5 37. Ke3 Rd8 38. a7 Ra8 39. Nd5+ Kf7 40. Kd4 Ncd7 41. h5 gxh5 42. Rxh5 Rxa7 43. Rxf5+ Ke6 44. Ne3 Ra4+ 45. Kc3 Ra3+ 46. Kd4 Rxe3 47. Kxe3 Kxf5 48. Bh3+ Kg5 49. Bxd7 Kh4 50. Bc6 1/2-1/2

[Event "Barquisimeto op"]
[Site "Barquisimeto"]
[Date "2012.05.23"]
[Round "1"]
[White "Boada, Winston"]
[Black "Ramos, Marco Aurelio"]
[Result "1-0"]
[WhiteElo "2235"]
[BlackElo "1720"]
[PlyCount "59"]
[EventDate "2012.05.23"]
[EventType "swiss"]
[EventRounds "7"]
[EventCountry "VEN"]
[SourceTitle "CBM 148 Extra"]
[Source "ChessBase"]
[SourceDate "2012.06.22"]
[SourceVersion "1"]
[SourceVersionDate "2012.06.22"]
[SourceQuality "1"]

1. e4 e6 2. Nf3 d5 3. e5 c5 4. b4 cxb4 5. d4 Nc6 6. a3 bxa3 7. c3 f6 8. Bd3 fxe5 9. dxe5 Nh6 10. Bg5 Qc7 11. 0-0 Nf7 12. Bh4 Ncxe5 13. Nxe5 Nxe5 14. Bg3 Bd6 15. Nxa3 Bd7 16. Nb5 Bxb5 17. Bxb5+ Nc6 18. Qg4 0-0-0 19. Qxe6+ Kb8 20. Rfb1 Rhe8 21. Bxd6 Qxd6 22. Qg4 Re7 23. Qa4 Re6 24. Bxc6 Qxc6 25. Qxa7+ Kc7 26. Qd4 Rd7 27. Qf4+ Qd6 28. Qa4 Qc6 29. Qa5+ Kd6 30. Rb6 1-0

[Event "Barquisimeto-ch"]
[Site "Barquisimeto"]
[Date "2011.10.26"]
[Round "8"]
[White "Gascon del Nogal, Jose Rafael"]
[Black "Boada, Winston"]
[Result "1/2-1/2"]
[WhiteElo "2163"]
[BlackElo "2235"]
[PlyCount "104"]
[EventDate "2011.10.21"]
[EventType "tourn"]
[EventRounds "11"]
[EventCountry "VEN"]
[SourceTitle "EXT 2022"]
[Source "ChessBase"]
[SourceDate "2021.10.06"]
[SourceVersion "1"]
[SourceVersionDate "2021.10.06"]
[SourceQuality "1"]

1. e4 c5 2. Nf3 a6 3. c3 e6 4. d4 b6 5. Bg5 Qc7 6. Nbd2 Bb7 7. Bd3 d6 8. 0-0 Nd7 9. Qe2 e5 10. Nh4 Be7 11. f4 exf4 12. Qg4 Bxg5 13. Qxg5 g6 14. Qxf4 Ndf6 15. e5 dxe5 16. dxe5 Nd5 17. Qg3 0-0-0 18. Ne4 f5 19. Nd6+ Kb8 20. Nf3 Ngf6 21. Ng5 Nh5 22. Qe1 Qe7 23. Ngf7 Nhf4 24. Rxf4 Nxf4 25. Bf1 Rhe8 26. Nxd8 Rxd8 27. g3 Ne6 28. Rd1 Ng5 29. Nxb7 Kxb7 30. Bg2+ Kc7 31. Rxd8 Kxd8 32. Qd2+ Ke8 33. Qd5 Kf8 34. h4 Nf7 35. e6 Nd8 36. Bf1 Nxe6 37. Qa8+ Kg7 38. Qxa6 Qc7 39. Qd3 Qe5 40. Bg2 f4 41. Qe4 Qf6 42. g4 g5 43. Qb7+ Qf7 44. Qxb6 f3 45. Bxf3 Qxf3 46. Qxe6 Qg3+ 47. Kf1 gxh4 48. Qe7+ Kg6 49. Qe6+ Kg7 50. Qe7+ Kg6 51. Qxc5 Qf3+ 52. Qf2 Qh1+ 1/2-1/2

[Event "Barquisimeto-ch"]
[Site "Barquisimeto"]
[Date "2011.10.25"]
[Round "6"]
[White "Pinero Salas, Carlos Julio"]
[Black "Boada, Winston"]
[Result "0-1"]
[WhiteElo "2091"]
[BlackElo "2235"]
[PlyCount "172"]
[EventDate "2011.10.21"]
[EventType "tourn"]
[EventRounds "11"]
[EventCountry "VEN"]
[SourceTitle "EXT 2022"]
[Source "ChessBase"]
[SourceDate "2021.10.06"]
[SourceVersion "1"]
[SourceVersionDate "2021.10.06"]
[SourceQuality "1"]

1. e4 e5 2. Nf3 Nc6 3. Nc3 Nf6 4. d4 exd4 5. Nd5 Be7 6. Nxd4 Nxd5 7. exd5 Nxd4 8. Qxd4 0-0 9. Be3 Bf6 10. Qb4 a5 11. Qa3 d6 12. Bd3 Bd7 13. c4 b6 14. 0-0 Re8 15. Rae1 Be5 16. f4 Bf6 17. Kh1 Bh4 18. g3 Bf6 19. Kg2 c5 20. Qb3 Qc7 21. Qc2 h6 22. a4 Re7 23. Bd2 Rae8 24. b3 Qc8 25. Rxe7 Rxe7 26. f5 Re8 27. h4 Qd8 28. Bf4 Qe7 29. Rf2 Be5 30. Bxe5 Qxe5 31. f6 gxf6 32. Bf5 Bxf5 33. Qxf5 Qxf5 34. Rxf5 Kg7 35. Kf2 Re5 36. g4 Kg6 37. h5+ Kg7 38. Kg3 Re3+ 39. Rf3 Re4 40. Rf4 Re1 41. Rf3 Rg1+ 42. Kf4 Re1 43. Kg3 Rb1 44. Kf4 Rb2 45. Kf5 Re2 46. Kf4 Re5 47. Kg3 Re4 48. Rf4 Rd4 49. Rf3 Rd1 50. Kf4 Rg1 51. Re3 f5 52. Re7 fxg4 53. Rd7 g3 54. Kf3 Rb1 55. Kxg3 Rxb3+ 56. Kg2 Rb4 57. Rxd6 Rxa4 58. Rxb6 Rxc4 59. Ra6 Rd4 60. d6 c4 61. Kf3 Rd3+ 62. Ke4 Kf6 63. Rxa5 Rxd6 64. Rc5 Rd1 65. Rxc4 Kg5 66. Rc5+ Kg4 67. Ke5 Rf1 68. Rc2 f6+ 69. Ke6 Kxh5 70. Rg2 Kh4 71. Rh2+ Kg3 72. Rxh6 f5 73. Ke5 f4 74. Rg6+ Kf3 75. Ra6 Re1+ 76. Kf5 Kg3 77. Rg6+ Kf3 78. Ra6 Rf1 79. Ra7 Rf2 80. Rb7 Kg2 81. Rg7+ Kf1 82. Rg4 f3 83. Rf4 Kg2 84. Kg4 Rf1 85. Rf7 f2 86. Rf3 Rg1 0-1

[Event "Capablanca Memorial op-A 46th"]
[Site "Havana"]
[Date "2011.05.18"]
[Round "7"]
[White "Lopez Vilier, Luis Angel"]
[Black "Boada, Winston"]
[Result "1-0"]
[WhiteElo "2316"]
[BlackElo "2214"]
[PlyCount "161"]
[EventDate "2011.05.11"]
[EventType "swiss"]
[EventRounds "10"]
[EventCountry "CUB"]
[SourceTitle "CBM 142 Extra"]
[Source "ChessBase"]
[SourceDate "2011.06.27"]
[SourceVersion "1"]
[SourceVersionDate "2011.06.27"]
[SourceQuality "1"]

1. c4 c5 2. Nc3 b6 3. Nf3 Bb7 4. e3 e6 5. Be2 Nf6 6. 0-0 d6 7. d4 Nbd7 8. Qc2 Be7 9. e4 cxd4 10. Nxd4 a6 11. Be3 Rc8 12. f3 0-0 13. Qd2 Kh8 14. Rfd1 Rg8 15. Rac1 Qc7 16. Kh1 Rce8 17. b3 Nf8 18. Nc2 N6d7 19. f4 Qb8 20. Ne1 Qc7 21. Bf3 Rd8 22. Nd3 Ng6 23. g3 Rge8 24. Qf2 Rc8 25. h4 Ngf8 26. Kh2 Bd8 27. Qd2 Qb8 28. h5 Kg8 29. h6 g6 30. Nf2 Bc7 31. Qb2 f6 32. Ng4 Re7 33. Bd4 Rf7 34. Bg2 f5 35. exf5 gxf5 36. Bxb7 Qxb7 37. Nf2 b5 38. cxb5 axb5 39. Qe2 b4 40. Nb1 e5 41. Be3 Nf6 42. Nd2 Ng6 43. Qd3 Re8 44. Rg1 d5 45. g4 fxg4 46. Nxg4 exf4 47. Bd4 Nxg4+ 48. Rxg4 Re6 49. Nf3 Qa6 50. Qxa6 Rxa6 51. Rc2 Bd6 52. Rg5 Bf8 53. Ne5 Re7 54. Rc8 Rxa2+ 55. Kh3 Re2 56. Rf5 R7xe5 57. Bxe5 Re3+ 58. Kh2 Rc3 59. Bxc3 bxc3 60. Rxd5 Ne7 61. Rg5+ Kf7 62. Rxc3 Bxh6 63. Rgc5 Bg7 64. R3c4 Ke6 65. Kg2 Nd5 66. Kf3 Be5 67. Rc6+ Kf5 68. b4 Nf6 69. b5 Ng4 70. R4c5 Nh2+ 71. Kg2 f3+ 72. Kf2 Ke4 73. Rc4+ Bd4+ 74. Rxd4+ Kxd4 75. Kg3 f2 76. Kxf2 Ng4+ 77. Kg3 Ne5 78. Rc7 Kd5 79. b6 Kd6 80. Rc1 Nd7 81. b7 1-0

[Event "Capablanca Memorial op 45th"]
[Site "Havana"]
[Date "2010.06.18"]
[Round "8"]
[White "Boada, Winston"]
[Black "Quesada Vera, Liordis"]
[Result "0-1"]
[WhiteElo "2266"]
[BlackElo "2308"]
[PlyCount "53"]
[EventDate "2010.06.10"]
[EventType "swiss"]
[EventRounds "10"]
[EventCountry "CUB"]
[SourceTitle "CBM 137 Extra"]
[Source "ChessBase"]
[SourceDate "2010.09.01"]
[SourceVersion "1"]
[SourceVersionDate "2010.09.01"]
[SourceQuality "1"]

1. d4 Nf6 2. c4 c5 3. d5 b5 4. cxb5 a6 5. b6 e6 6. Nc3 Nxd5 7. Nxd5 exd5 8. Qxd5 Nc6 9. e4 Be7 10. Bc4 0-0 11. Nf3 Rb8 12. 0-0 Rxb6 13. Qh5 d6 14. Ng5 Bxg5 15. Bxg5 Qe8 16. Rae1 Be6 17. Bh6 gxh6 18. Qxh6 f6 19. Re3 Rf7 20. Rg3+ Kh8 21. Bd5 Nd4 22. Re3 Qg8 23. Bxe6 Nxe6 24. Rg3 Qf8 25. Qd2 Rg7 26. Rxg7 Qxg7 27. f4 0-1

[Event "Capablanca Memorial op 45th"]
[Site "Havana"]
[Date "2010.06.10"]
[Round "1"]
[White "Jimenez Fraga, Pedro Alejandro"]
[Black "Boada, Winston"]
[Result "1-0"]
[WhiteElo "2460"]
[BlackElo "2266"]
[PlyCount "71"]
[EventDate "2010.06.10"]
[EventType "swiss"]
[EventRounds "10"]
[EventCountry "CUB"]
[SourceTitle "CBM 137 Extra"]
[Source "ChessBase"]
[SourceDate "2010.09.01"]
[SourceVersion "1"]
[SourceVersionDate "2010.09.01"]
[SourceQuality "1"]

1. e4 d6 2. d4 Nf6 3. Nc3 c6 4. Nf3 Qa5 5. Bd3 e5 6. h3 Be7 7. 0-0 0-0 8. dxe5 dxe5 9. Ne2 Nbd7 10. Bd2 Qc7 11. Bc3 Re8 12. Ng3 Bf8 13. Qe2 a5 14. a3 Nc5 15. b4 Na4 16. Bd2 axb4 17. axb4 h6 18. Nh4 Be6 19. Qf3 Kh7 20. Nhf5 Ng8 21. Rab1 b5 22. Ne3 Nb6 23. Qe2 Ra2 24. Ra1 Rea8 25. Rxa2 Rxa2 26. f4 exf4 27. Nd5 Qa7 28. e5+ g6 29. Nxf4 Nd5+ 30. Kh2 Nxf4 31. Rxf4 Bg7 32. Nh5 Bh8 33. Nf6+ Kg7 34. Rh4 Qb8 35. Bxh6+ Nxh6 36. Qe3 1-0

[Event "Pan American-chT"]
[Site "Mendes"]
[Date "2009.08.13"]
[Round "5"]
[White "Boada, Winston"]
[Black "Subervi Nunez, Jonathan Sigfredo"]
[Result "1-0"]
[WhiteElo "2252"]
[BlackElo "2227"]
[PlyCount "109"]
[EventDate "2009.08.09"]
[EventType "team-tourn"]
[EventRounds "5"]
[EventCountry "BRA"]
[SourceTitle "CBM 131 Extra"]
[Source "ChessBase"]
[SourceDate "2009.09.03"]
[SourceVersion "2"]
[SourceVersionDate "2009.09.16"]
[SourceQuality "1"]
[WhiteTeam "Venezuela"]
[BlackTeam "Dominican Rep"]
[WhiteTeamCountry "VEN"]
[BlackTeamCountry "DOM"]

1. e4 e5 2. Nf3 Nc6 3. Nc3 Nf6 4. g3 Bc5 5. Bg2 d6 6. h3 h6 7. d3 a6 8. 0-0 Be6 9. Be3 Bxe3 10. fxe3 Ne7 11. Nh4 c6 12. d4 Qb6 13. Qd2 0-0-0 14. d5 cxd5 15. exd5 Bd7 16. Kh2 Rhf8 17. e4 Kb8 18. Nd1 Rc8 19. c3 Nfxd5 20. exd5 g5 21. Nf3 f5 22. Re1 Ng6 23. Qd3 Qc7 24. Nd2 h5 25. Nf2 Rh8 26. Nf1 Rcg8 27. Kg1 Qb6 28. Qe3 Qd8 29. c4 g4 30. Qa3 Qf8 31. c5 gxh3 32. Nxh3 h4 33. c6 Bc8 34. Ne3 hxg3 35. c7+ Kxc7 36. Rac1+ Kb8 37. Nc4 Rxh3 38. Bxh3 Nf4 39. Bg2 Bd7 40. Rc3 Nxg2 41. Kxg2 f4 42. Qxd6+ Qxd6 43. Nxd6 Rg5 44. Rh1 Rg6 45. Rh8+ Ka7 46. Nc4 Rg5 47. Nd2 Bf5 48. Rh4 Bd7 49. Ne4 Rg6 50. Rh5 Bg4 51. Rg5 Rh6 52. Rxg4 Rh2+ 53. Kf3 Rxb2 54. d6 Rf2+ 55. Nxf2 1-0

[Event "Pan American-chT"]
[Site "Mendes"]
[Date "2009.08.09"]
[Round "1"]
[White "Quesada Perez, Yasser"]
[Black "Boada, Winston"]
[Result "0-1"]
[WhiteElo "2584"]
[BlackElo "2252"]
[PlyCount "120"]
[EventDate "2009.08.09"]
[EventType "team-tourn"]
[EventRounds "5"]
[EventCountry "BRA"]
[SourceTitle "CBM 131 Extra"]
[Source "ChessBase"]
[SourceDate "2009.09.03"]
[SourceVersion "2"]
[SourceVersionDate "2009.09.16"]
[SourceQuality "1"]
[WhiteTeam "Cuba"]
[BlackTeam "Venezuela"]
[WhiteTeamCountry "CUB"]
[BlackTeamCountry "VEN"]

1. e4 d6 2. d4 Nf6 3. Nc3 c6 4. Be3 Qa5 5. Qd2 e5 6. Nf3 Be7 7. h3 Nbd7 8. Bd3 a6 9. 0-0 Qc7 10. a4 b6 11. dxe5 dxe5 12. Ne2 0-0 13. Ng3 Nc5 14. Qc3 Nfd7 15. a5 bxa5 16. Nf5 Bd6 17. Nxd6 Qxd6 18. Rxa5 Nxd3 19. cxd3 Re8 20. Rd1 Rb8 21. d4 c5 22. d5 Qg6 23. Nd2 Nf6 24. Bxc5 Nxe4 25. Nxe4 Qxe4 26. Bd6 Qe2 27. Rb1 Rb6 28. Bc5 Rg6 29. Re1 Qh5 30. Kh1 h6 31. Ra4 Qg5 32. Rg1 e4 33. Qb3 f5 34. d6+ Be6 35. Qc3 Kh7 36. Rd4 Bd7 37. Rd5 Qh4 38. Re5 f4 39. Rxe8 Bxe8 40. Qe5 Bc6 41. Qe7 Qh5 42. d7 e3 43. Kh2 Qd5 44. f3 Bxd7 45. b4 Bf5 46. Qc7 Bxh3 47. Qxf4 Bd7 48. Rb1 e2 49. Re1 Bb5 50. Kg1 a5 51. Kf2 a4 52. Qe3 Qh5 53. Qf4 a3 54. Ra1 a2 55. Bd4 Qd5 56. Qe5 Qc4 57. Qe4 Qxb4 58. Re1 Qd2 59. Qe5 Bd3 60. Be3 Qb4 0-1

[Event "Santo Domingo zt 2.3"]
[Site "Santo Domingo"]
[Date "2007.06.10"]
[Round "13"]
[White "Dominguez, Jose Manuel"]
[Black "Boada, Winston"]
[Result "0-1"]
[WhiteElo "2330"]
[BlackElo "2185"]
[PlyCount "76"]
[EventDate "2007.05.29"]
[EventType "tourn"]
[EventRounds "13"]
[EventCountry "DOM"]
[EventCategory "6"]
[SourceTitle "CBM 118 Extra"]
[Source "ChessBase"]
[SourceDate "2007.07.04"]
[SourceVersion "1"]
[SourceVersionDate "2007.07.04"]
[SourceQuality "1"]

1. Nf3 c5 2. a3 g6 3. c4 Bg7 4. Nc3 b6 5. g3 Bb7 6. Bg2 d6 7. 0-0 Nf6 8. d3 0-0 9. Bg5 Nbd7 10. Qc1 Re8 11. Bh6 Bh8 12. h3 a6 13. Rb1 Qc7 14. e4 Ne5 15. Qd2 e6 16. Nh2 Nc6 17. f4 Nd4 18. Ne2 Nh5 19. Rf3 f5 20. Re3 Nxe2+ 21. Qxe2 Bd4 22. Kh1 Bxe3 23. Qxe3 e5 24. fxe5 dxe5 25. b4 f4 26. gxf4 exf4 27. Qf2 Rad8 28. bxc5 bxc5 29. Bf3 Ng3+ 30. Kg2 Rxd3 31. Ng4 Nxe4 32. Rxb7 Qxb7 33. Nf6+ Kf7 34. Nxe8 Kxe8 35. Qc2 Qd7 36. Bxf4 Nd2 37. Bg4 Qb7+ 38. Kf2 Rf3+ 0-1

[Event "Santo Domingo zt 2.3"]
[Site "Santo Domingo"]
[Date "2007.06.05"]
[Round "8"]
[White "Boada, Winston"]
[Black "Farley, Terry"]
[Result "1-0"]
[WhiteElo "2185"]
[BlackElo "2284"]
[PlyCount "87"]
[EventDate "2007.05.29"]
[EventType "tourn"]
[EventRounds "13"]
[EventCountry "DOM"]
[EventCategory "6"]
[SourceTitle "CBM 118 Extra"]
[Source "ChessBase"]
[SourceDate "2007.07.04"]
[SourceVersion "1"]
[SourceVersionDate "2007.07.04"]
[SourceQuality "1"]

1. d4 Nf6 2. c4 g6 3. Nc3 Bg7 4. e4 d6 5. Be2 0-0 6. Bg5 Na6 7. Qd2 e5 8. d5 Nc5 9. f3 h6 10. Be3 Nh5 11. 0-0-0 Kh7 12. g4 Nf4 13. h4 a6 14. Bf1 Qe7 15. h5 g5 16. b4 Nd7 17. Kb2 b5 18. cxb5 axb5 19. Nxb5 Nb6 20. Rc1 c5 21. dxc6 Be6 22. Qxd6 Na4+ 23. Kb1 Qf6 24. c7 Rfc8 25. Bc4 Bf8 26. Qc6 Bxb4 27. Na7 Nc3+ 28. Rxc3 Bxc3 29. Nxc8 Bxc4 30. Qxc4 Ba5 31. Qc5 Qa6 32. Bxf4 Qb7+ 33. Ka1 Bxc7 34. Qc4 exf4 35. Qxf7+ Kh8 36. Qf6+ Kh7 37. Qg6+ Kh8 38. Qxh6+ Kg8 39. Qg6+ Kh8 40. Qh6+ Kg8 41. Qe6+ Kh8 42. Ne7 Rxa2+ 43. Kxa2 Qa7+ 44. Kb1 1-0

[Event "Santo Domingo zt 2.3"]
[Site "Santo Domingo"]
[Date "2007.06.03"]
[Round "7"]
[White "Valdes Romero, Leonardo"]
[Black "Boada, Winston"]
[Result "0-1"]
[WhiteElo "2401"]
[BlackElo "2185"]
[PlyCount "146"]
[EventDate "2007.05.29"]
[EventType "tourn"]
[EventRounds "13"]
[EventCountry "DOM"]
[EventCategory "6"]
[SourceTitle "CBM 118 Extra"]
[Source "ChessBase"]
[SourceDate "2007.07.04"]
[SourceVersion "1"]
[SourceVersionDate "2007.07.04"]
[SourceQuality "1"]

1. Nf3 c5 2. g3 g6 3. Bg2 Bg7 4. 0-0 Nc6 5. d3 e6 6. e4 d6 7. Nbd2 Nge7 8. Re1 0-0 9. a4 b6 10. h4 h6 11. Nc4 Ba6 12. Ne3 Rc8 13. Ng4 Kh7 14. c3 Ne5 15. Ngxe5 dxe5 16. Bf1 Nc6 17. Qc2 Qd6 18. Nd2 f5 19. Nc4 Qe7 20. Qe2 f4 21. Qg4 h5 22. Qh3 Bf6 23. Be2 Rcd8 24. Rd1 Rd7 25. Bd2 f3 26. Bxf3 Rxd3 27. Ne3 Bg7 28. Be2 Rxe3 29. Bxa6 Ref3 30. Be1 Na5 31. Be2 R3f7 32. Rab1 c4 33. Qg2 Bh6 34. f3 Qc5+ 35. Bf2 Be3 36. Bxe3 Qxe3+ 37. Qf2 Qxe4 38. fxe4 Rxf2 39. Rf1 Rxf1+ 40. Rxf1 Rxf1+ 41. Bxf1 Kg7 42. Kf2 Kf6 43. Ke3 a6 44. Be2 b5 45. axb5 axb5 46. Bd1 Ke7 47. Bc2 Kd6 48. Bd1 Kc6 49. Kf3 Kd6 50. Ke3 Ke7 51. Bc2 Kf6 52. Bd1 Kg7 53. Kd2 Kh6 54. Kc1 g5 55. Kb1 g4 56. Ka2 Nc6 57. Ka3 Kg6 58. Be2 Kf6 59. b3 b4+ 60. cxb4 c3 61. b5 Nd4 62. Bd3 Ke7 63. Kb4 c2 64. Bxc2 Nxc2+ 65. Kc5 Kd7 66. b6 Nd4 67. b7 Kc7 68. b8Q+ Kxb8 69. Kd6 Ne2 70. Kxe6 Nxg3 71. Kxe5 Ne2 72. Kd6 g3 73. e5 Nf4 0-1

[Event "Barquisimeto pre olympic"]
[Site "Barquisimeto"]
[Date "2004.03.13"]
[Round "8"]
[White "Prasca Sosa, Rafael Felipe"]
[Black "Boada, Winston"]
[Result "1-0"]
[WhiteElo "2396"]
[BlackElo "2185"]
[PlyCount "33"]
[EventDate "2004.03.08"]
[EventType "swiss"]
[EventRounds "9"]
[EventCountry "VEN"]
[SourceTitle "EXT 2006"]
[Source "ChessBase"]
[SourceDate "2005.11.24"]
[SourceVersion "1"]
[SourceVersionDate "2005.11.24"]
[SourceQuality "1"]

1. e4 d6 2. d4 Nf6 3. Nc3 c6 4. Nf3 Bg4 5. h3 Bxf3 6. Qxf3 e5 7. Be3 Qa5 8. 0-0-0 b5 9. Kb1 Be7 10. g4 0-0 11. h4 Nfd7 12. g5 Nb6 13. dxe5 dxe5 14. h5 Bb4 15. h6 Na6 16. hxg7 Bxc3 17. Qh5 1-0

[Event "Barquisimeto pre olympic"]
[Site "Barquisimeto"]
[Date "2004.03.12"]
[Round "7"]
[White "Rohl Montes, Juan Armando"]
[Black "Boada, Winston"]
[Result "1-0"]
[WhiteElo "2401"]
[BlackElo "2185"]
[PlyCount "105"]
[EventDate "2004.03.08"]
[EventType "swiss"]
[EventRounds "9"]
[EventCountry "VEN"]
[SourceTitle "EXT 2006"]
[Source "ChessBase"]
[SourceDate "2005.11.24"]
[SourceVersion "1"]
[SourceVersionDate "2005.11.24"]
[SourceQuality "1"]

1. e4 g6 2. d4 Bg7 3. Nc3 d6 4. Bg5 h6 5. Bh4 Nc6 6. d5 Nb8 7. Qd2 c5 8. f4 a6 9. Nf3 Bg4 10. Be2 Qa5 11. 0-0 Nd7 12. e5 Bxf3 13. Bxf3 g5 14. Bf2 gxf4 15. e6 Ne5 16. exf7+ Nxf7 17. Bh5 Nf6 18. Bxf7+ Kxf7 19. Rae1 f3 20. Qe3 fxg2 21. Qe6+ Kg6 22. Kxg2 Rhg8 23. Bg3 Kh7 24. Qf5+ Kh8 25. Rxe7 Raf8 26. Qg6 Nh7 27. Rxf8 Nxf8 28. Qxd6 Qb4 29. Kh3 Qc4 30. Qf4 Qxf4 31. Bxf4 Ng6 32. Rf7 Nxf4+ 33. Rxf4 Rd8 34. Rf5 c4 35. a4 Bxc3 36. bxc3 Kg7 37. Kg4 Re8 38. Rf2 Re1 39. Kf5 Kf7 40. Rf4 b5 41. axb5 axb5 42. Re4 Rd1 43. Ke5 Rd2 44. Kd6 Rxc2 45. Rf4+ Kg6 46. Rf3 Rd2 47. Kc5 Rd3 48. Rg3+ Kf5 49. d6 Ke6 50. Kxb5 Rxd6 51. Rg6+ Ke5 52. Rxd6 Kxd6 53. Kxc4 1-0

[Event "Barquisimeto pre olympic"]
[Site "Barquisimeto"]
[Date "2004.03.09"]
[Round "2"]
[White "Boada, Winston"]
[Black "Palencia Morales, Wilson Guillermo"]
[Result "0-1"]
[WhiteElo "2185"]
[BlackElo "2329"]
[PlyCount "72"]
[EventDate "2004.03.08"]
[EventType "swiss"]
[EventRounds "9"]
[EventCountry "VEN"]
[SourceTitle "EXT 2006"]
[Source "ChessBase"]
[SourceDate "2005.11.24"]
[SourceVersion "1"]
[SourceVersionDate "2005.11.24"]
[SourceQuality "1"]

1. d4 Nf6 2. Nf3 c5 3. c3 b6 4. g3 Bb7 5. Bg2 g6 6. 0-0 Bg7 7. Nbd2 0-0 8. e4 cxd4 9. Nxd4 Nc6 10. e5 Ne8 11. Re1 Qc7 12. Nb5 Qc8 13. Nf3 a6 14. Na3 b5 15. Bh3 e6 16. Nc2 f6 17. exf6 Nxf6 18. Bg5 Nd5 19. Ncd4 Nxd4 20. Nxd4 Kh8 21. Bg2 Qc5 22. Qd2 Rf7 23. Rad1 Raf8 24. Re2 Qc8 25. Bh6 Bxh6 26. Qxh6 Qa8 27. f4 Ne7 28. Bxb7 Qxb7 29. Qg5 Nf5 30. Nxf5 gxf5 31. Qh6 Rg7 32. Qh3 Qc7 33. Qh6 Qc5+ 34. Kf1 Qc6 35. Qh3 Qh1+ 36. Kf2 Qxd1 0-1

[Event "Barquisimeto pre olympic"]
[Site "Barquisimeto"]
[Date "2004.03.09"]
[Round "1"]
[White "Soto Paez, Oliver de la Trinid"]
[Black "Boada, Winston"]
[Result "1/2-1/2"]
[WhiteElo "2288"]
[BlackElo "2185"]
[PlyCount "28"]
[EventDate "2004.03.08"]
[EventType "swiss"]
[EventRounds "9"]
[EventCountry "VEN"]
[SourceTitle "EXT 2006"]
[Source "ChessBase"]
[SourceDate "2005.11.24"]
[SourceVersion "1"]
[SourceVersionDate "2005.11.24"]
[SourceQuality "1"]

1. e4 g6 2. d4 Bg7 3. Nf3 d6 4. Nc3 a6 5. a4 Bg4 6. Bc4 e6 7. Be3 Ne7 8. h3 Bxf3 9. Qxf3 Nec6 10. Rd1 Nd7 11. 0-0 0-0 12. Bb3 Ne7 13. Qg3 Kh8 14. Rd2 Qe8 1/2-1/2

[Event "Pan American-chT"]
[Site "Merida"]
[Date "2000.07.20"]
[Round "5"]
[White "Lima, Darcy Gustavo Macha"]
[Black "Boada, Winston"]
[Result "1-0"]
[WhiteElo "2525"]
[BlackElo "2165"]
[PlyCount "107"]
[EventDate "2000.07.15"]
[EventType "team"]
[EventRounds "5"]
[EventCountry "VEN"]
[SourceTitle "EXT 2001"]
[Source "ChessBase"]
[SourceDate "2000.11.22"]
[SourceVersion "1"]
[SourceVersionDate "2000.11.22"]
[SourceQuality "1"]

1. g3 Nf6 2. Bg2 d6 3. e4 c6 4. d4 Nbd7 5. Ne2 e5 6. Nbc3 Be7 7. 0-0 0-0 8. a4 a5 9. h3 Re8 10. Be3 Bf8 11. g4 exd4 12. Bxd4 b6 13. Ng3 Nc5 14. Qd2 Bb7 15. g5 Nfd7 16. f4 Qc7 17. Rad1 Rad8 18. Qf2 Na6 19. Nf5 Nb4 20. Rd2 Nc5 21. Qg3 Ne6 22. Be3 d5 23. e5 d4 24. Nxd4 Nxd4 25. Rxd4 Nxc2 26. Rxd8 Rxd8 27. Bf2 Nd4 28. Kh2 Nf5 29. Qg4 Bc8 30. Qf3 Bb7 31. Qe4 Ne7 32. Qc2 c5 33. Nb5 Qd7 34. Bxb7 Qxb7 35. Nd6 Qf3 36. Qc4 Qd5 37. Rc1 Qxc4 38. Nxc4 Nc8 39. Rc3 h6 40. h4 hxg5 41. hxg5 f6 42. gxf6 gxf6 43. exf6 Kf7 44. Kg2 Rd1 45. Bh4 Nd6 46. Ne5+ Ke6 47. Rb3 b5 48. axb5 a4 49. Ra3 Rd2+ 50. Kf3 Rxb2 51. Rxa4 Nxb5 52. Ra8 Bd6 53. f7 Nc7 54. Rd8 1-0